000 00989nam a2200277 i 4500
003 EG-GICUC
005 20260121101218.0
008 251113s2005 ua ||||fr|||| 00| 0 ara d
040 _a EG-GICUC
_bara
_c EG-GICUC
_d EG-GICUC
_erda
041 0 _aara
082 0 4 _221
_a345
_bم ح . م
092 0 4 _221
099 _aLaw1 07 345 م ح . م 2005
100 0 _aمحمد عبد العال السناري
_eمؤلف.
245 1 0 _aمبادى ونظريات القانون الإداري :
_bدراسة مقارنة /
_cالدكتور محمد عبد العال السناري.
264 _aالقاهرة :
_b[د.ن]،
_c2005.
300 _a604 ؛صفحة
_c24 سم.
336 _2rda content
_atext
337 _2rda media
_aComputer
338 _2rda carrier
_aOnline Resource
546 _aالنص باللغة العربية
650 1 4 _aالقانون الإداري
856 4 0 _uhttps://fll.law.cu.edu.eg/fulltext/bks/B07-00594.pdf
905 _a32
942 _2ddc
_cBK
_e21
_n0
999 _c43063
_d43063